[Event "SRB-chT 1st League"]
[Site "Kragujevac"]
[Date "2016.09.16"]
[Round "9.1"]
[White "Radovic, Luka"]
[Black "Dragicevic, Dragan"]
[Result "1-0"]
[WhiteElo "2254"]
[BlackElo "2221"]
[PlyCount "57"]
[EventDate "2016.09.10"]
[EventType "team-tourn"]
[EventRounds "11"]
[EventCountry "SRB"]
[SourceTitle "CBM 174 Extra"]
[Source "ChessBase"]
[SourceDate "2016.10.10"]
[SourceVersion "1"]
[SourceVersionDate "2016.10.10"]
[SourceQuality "1"]
[WhiteTeam "Kragujevac Radnicki"]
[BlackTeam "Ub"]
[WhiteTeamCountry "SRB"]
[BlackTeamCountry "SRB"]

1. Nf3 Nf6 2. g3 g6 3. Bg2 Bg7 4. 0-0 0-0 5. c4 d6 6. Nc3 c6 7. d3 Bg4 8. Rb1 Qc8 9. Re1 c5 10. a3 Nc6 11. b4 Nd7 12. Bd2 Nd4 13. bxc5 Bxf3 14. exf3 Nxc5 15. Nd5 Nc6 16. Rxe7 Qd8 17. Re3 Rc8 18. Bc3 Bxc3 19. Nxc3 Nd4 20. Nd5 Kg7 21. Qd2 f6 22. Re7+ Rf7 23. Rbe1 Qf8 24. Qb2 Ncb3 25. R7e4 Rd8 26. Rxd4 Nxd4 27. Qxd4 Re8 28. Re4 b6 29. h4 1-0

[Event "SRB-chT 1st League"]
[Site "Kragujevac"]
[Date "2015.09.05"]
[Round "1.4"]
[White "Dragicevic, Dragan"]
[Black "Todorovic, Nenad I"]
[Result "1/2-1/2"]
[WhiteElo "2214"]
[BlackElo "2197"]
[PlyCount "60"]
[EventDate "2015.09.05"]
[EventType "team-tourn"]
[EventRounds "11"]
[EventCountry "SRB"]
[SourceTitle "EXT 2016"]
[Source "ChessBase"]
[SourceDate "2015.10.08"]
[SourceVersion "1"]
[SourceVersionDate "2015.10.08"]
[SourceQuality "1"]
[WhiteTeam "Ub"]
[BlackTeam "Nis Svitanja"]
[WhiteTeamCountry "SRB"]
[BlackTeamCountry "SRB"]

1. d4 Nf6 2. c4 e6 3. Nc3 Bb4 4. Qc2 0-0 5. Nf3 c5 6. a3 Bxc3+ 7. bxc3 d6 8. Bg5 Nbd7 9. e3 Re8 10. Be2 e5 11. 0-0 Nf8 12. Rfd1 Qe7 13. dxe5 dxe5 14. Nd2 h6 15. Bxf6 Qxf6 16. e4 Ne6 17. Nf1 Nf4 18. Ne3 Qg6 19. Bf1 Nh3+ 20. Kh1 Qxe4 21. Bd3 Qc6 22. Nd5 Nf4 23. Be4 Nxd5 24. Rxd5 Qc7 25. Re1 Bd7 26. f3 Bc6 27. Rxc5 Qd6 28. Bxc6 Qxc5 29. Bxe8 Rxe8 30. Qa4 Rc8 1/2-1/2

[Event "SRB-chT2 West"]
[Site "Serbia"]
[Date "2009.10.11"]
[Round "11.2"]
[White "Zecevic, Igor"]
[Black "Dragicevic, Dragan"]
[Result "0-1"]
[WhiteElo "1862"]
[BlackElo "2199"]
[PlyCount "82"]
[EventDate "2009.09.06"]
[EventType "team"]
[EventRounds "11"]
[EventCountry "SRB"]
[SourceTitle "EXT 2012"]
[Source "ChessBase"]
[SourceDate "2011.11.24"]
[SourceVersion "1"]
[SourceVersionDate "2011.11.24"]
[SourceQuality "1"]

1. d4 Nf6 2. c4 g6 3. Nc3 Bg7 4. e4 d6 5. Bg5 0-0 6. f3 c6 7. Qd2 a6 8. a4 a5 9. Nge2 Na6 10. Ng3 Qc7 11. Be2 e5 12. d5 Nc5 13. Qc2 Nfd7 14. Rd1 f6 15. Be3 f5 16. exf5 gxf5 17. Nxf5 Rxf5 18. Qxf5 Nf6 19. Qc2 Na6 20. dxc6 bxc6 21. Qd2 Nb4 22. 0-0 d5 23. cxd5 cxd5 24. Bg5 d4 25. Bxf6 Bxf6 26. Ne4 Bg7 27. Qg5 d3 28. Bxd3 Nxd3 29. Rxd3 Ba6 30. Nf6+ Kh8 31. Rd7 Qb6+ 32. Kh1 Qxf6 33. Qxf6 Bxf6 34. Rc1 e4 35. fxe4 Bxb2 36. Rc2 Rf8 37. g3 Bc8 38. Rdd2 Bh3 39. Rf2 Rd8 40. Rfd2 Rxd2 41. Rxd2 Bc3 0-1

[Event "SRB-chT2 West"]
[Site "Serbia"]
[Date "2008.10.05"]
[Round "4.3"]
[White "Djuricic, Toma"]
[Black "Dragicevic, Dragan"]
[Result "0-1"]
[WhiteElo "2171"]
[BlackElo "2202"]
[PlyCount "128"]
[EventDate "2008.09.14"]
[EventType "team"]
[EventRounds "11"]
[EventCountry "SRB"]
[SourceTitle "EXT 2012"]
[Source "ChessBase"]
[SourceDate "2011.11.24"]
[SourceVersion "1"]
[SourceVersionDate "2011.11.24"]
[SourceQuality "1"]

1. e4 e6 2. d4 d5 3. Nc3 Bb4 4. Qd3 Bxc3+ 5. bxc3 dxe4 6. Qxe4 Nf6 7. Qh4 c5 8. Nf3 Qc7 9. Bf4 Qa5 10. Bd2 Nbd7 11. Bd3 Qa4 12. 0-0 c4 13. Be2 b6 14. Rfc1 Bb7 15. Ng5 h6 16. f3 Ke7 17. Nh3 g5 18. Qf2 Rag8 19. g3 Qc6 20. Kf1 g4 21. Ng1 h5 22. Rab1 Nd5 23. a4 f5 24. Ke1 N7f6 25. Qf1 h4 26. Bxc4 hxg3 27. hxg3 Rh1 28. Bxd5 Qxd5 29. Rb5 Qc6 30. c4 Kf7 31. Be3 gxf3 32. d5 exd5 33. Qxf3 d4 34. Qxc6 Bxc6 35. Bxd4 Bxb5 36. cxb5 Rxg3 37. Ke2 Ra3 38. Rf1 Rh2+ 39. Kd1 Rxa4 40. Nf3 Rg2 41. Kc1 Ke6 42. Bb2 Rgg4 43. Rd1 f4 44. Nd4+ Rxd4 45. Bxd4 Ne4 46. c3 Rg2 47. Rh1 f3 48. Rf1 f2 49. Kc2 Kd5 50. Kd3 Rg3+ 51. Be3 Nxc3 52. Rc1 Nxb5 53. Ke2 Rg1 54. Rxg1 fxg1Q 55. Bxg1 Kc4 56. Kd2 Nd4 57. Be3 b5 58. Kc1 a5 59. Kb2 b4 60. Bg5 a4 61. Bf6 Nb5 62. Bg7 a3+ 63. Ka2 b3+ 64. Kb1 Nc3+ 0-1

[Event "SRB-chT3 North"]
[Site "Serbia"]
[Date "2006.10.15"]
[Round "6.5"]
[White "Milosevic, Milan"]
[Black "Dragicevic, Dragan"]
[Result "0-1"]
[WhiteElo "2188"]
[BlackElo "2168"]
[PlyCount "58"]
[EventDate "2006.09.10"]
[EventType "team"]
[EventRounds "11"]
[EventCountry "SRB"]
[SourceTitle "EXT 2012"]
[Source "ChessBase"]
[SourceDate "2011.11.24"]
[SourceVersion "1"]
[SourceVersionDate "2011.11.24"]
[SourceQuality "1"]

1. e4 e6 2. d4 d5 3. Nd2 Nc6 4. c3 e5 5. exd5 Qxd5 6. Ngf3 exd4 7. Bc4 Qf5 8. Qe2+ Be7 9. cxd4 Nf6 10. 0-0 0-0 11. Bd3 Qh5 12. Bb5 Bd6 13. g3 Re8 14. Ne5 Qxe2 15. Bxe2 Nxd4 16. Bd3 Bxe5 17. Nc4 Bh3 18. Rd1 Nf3+ 19. Kh1 Ng4 20. Be3 Nxe3 21. fxe3 Bf6 22. Be2 Ne5 23. Nxe5 Rxe5 24. Bf3 c6 25. Rd3 h5 26. Rad1 Rae8 27. Re1 Bf5 28. Rb3 R8e7 29. Bxh5 Be4+ 0-1